| 000 | 00775nam a22002172 4500 | ||
|---|---|---|---|
| 001 | 0000007380 | ||
| 005 | 20151217152030.0 | ||
| 008 | 080118s xx 000 0 eng d | ||
| 020 |
_a9211311942 : _cKES 600 |
||
| 040 |
_aKABU _cKABU |
||
| 100 | 1 |
_aFisher, Fred. _@0000153080 |
|
| 245 | 1 | 2 |
_aA Guide to national training needs assessment for human settlements : _ba competency-based approach / _cFred Fisher and David W. Tees. |
| 260 |
_aNairobi : _bHabitat, _c1992. |
||
| 300 | _a iii, 112 p. | ||
| 650 | 0 |
_aConstruction workers _xTraining of _zDeveloping countries. _@0000158607 |
|
| 700 | 1 |
_aTees, David W. _@0000158608 |
|
| 908 | _a080118 | ||
| 950 | _@1 | ||
| 999 |
_c7508 _d7508 |
||